| 000 | 00686nam a2200205 a 4500 | ||
|---|---|---|---|
| 001 | 000009476 | ||
| 005 | 20240412074211.0 | ||
| 008 | 090930s1939 dr 000 p spa d | ||
| 040 |
_aDO-SdBNP _bspa _cBNPHU |
||
| 082 |
_aRD861.42 _bP438t |
||
| 100 | 1 |
_aPérez Licairac, Horacio _924281 |
|
| 245 | 1 | 0 |
_aTrazos en la arena / _cHoracio Pérez Licairac; prólogo Ángel Rafael Lamarche. |
| 260 |
_aCiudad Trujillo, República Dominicana : _bMontalvo, _c1939. |
||
| 300 |
_a107 p. ; _c19 cm. |
||
| 650 | 0 |
_aPoesía dominicana _966 |
|
| 650 | 0 |
_aLiteratura dominicana. _967 |
|
| 700 | 1 | 2 |
_aLamarche, Ángel Rafael, _epról. _924282 |
| 910 | _aValidado. Control de calidad MFF | ||
| 049 | _aBNPD | ||
| 999 |
_c9236 _d9236 |
||